| 000 | 00915nam a22002775a 4500 | ||
|---|---|---|---|
| 008 | 091021t2009 n a frb 001 0 eng d | ||
| 010 | _a 2005042979 | ||
| 020 | _a9780135070659 | ||
| 020 | _a0135070651 | ||
| 040 |
_aEG-ScBUE _beng _cEG-ScBUE |
||
| 082 | 0 | 4 |
_a338.5 _bKEA _222 |
| 100 | 1 |
_aKeat, Paul G. _99032 |
|
| 245 | 1 | 0 |
_aManagerial Economics : _bEconomic Tools for Today's Decision Makers / _cPaul G. Keat, Philip K.Y. Young. |
| 250 | _a6th ed. | ||
| 260 |
_aUpper Saddle River : _bPearson Education, _cc.2009. |
||
| 300 |
_axxi, 598p.: _bill.; _c26 cm. |
||
| 500 | _aIndex : p. 586-598. | ||
| 500 | _aAppendix : p. 571-585. | ||
| 504 | _aIncludes bibliographical references. | ||
| 590 | _aMenna Elemam | ||
| 650 | 0 |
_aManagerial economics. _99033 _2BUEsh |
|
| 651 | _2BUEsh | ||
| 653 |
_bBUSECO _cAugust2015 |
||
| 700 | 1 |
_aYoung, Philip K. Y. _99034 |
|
| 942 |
_cBB _k338.5 KEA _2ddc |
||
| 999 |
_c12827 _d12827 |
||